Genoa CFC Squad 2023-2024 - Statistics

General Stats
  • This quiz has been taken 118 times
    71 since last reset
  • The average score is 23 of 33
Answer Stats
# Position Nation Player % Correct
3 DF Spain Aarón Martín
100%
1 GK Spain Josep Martínez
100%
11 FW Iceland Albert Guðmundsson
98%
5 DF Romania Radu Drăgușin
92%
- Coach Italy Alberto Gilardino
90%
19 FW Italy Mateo Retegui
90%
47 MF Croatia Milan Badelj
90%
18 FW Ghana Caleb Ekuban
88%
4 DF Belgium Koni De Winter
88%
32 MF Denmark Morten Frendrup
87%
22 DF Mexico Johan Vásquez
85%
10 FW Brazil Junior Messias
85%
8 MF Netherlands Kevin Strootman
85%
13 DF Italy Mattia Bani
85%
17 MF Ukraine Ruslan Malinovskyi
85%
9 FW Portugal Vitinha
85%
2 MF Norway Morten Thorsby
83%
90 DF England Djed Spence
71%
14 DF Italy Alessandro Vogliacco
69%
20 DF Italy Stefano Sabelli
67%
16 GK Italy Nicola Leali
65%
33 DF Uruguay Alan Matturro
62%
37 FW Romania George Puşcaş
58%
55 DF Suriname Ridgeciano Haps
58%
5 MF Norway Emil Bohinen
52%
36 DF Switzerland Silvan Hefti
52%
99 MF Chile Pablo Galdames
44%
39 GK Italy Daniele Sommariva
42%
24 MF Poland Filip Jagiełło
42%
30 FW Nigeria David Ankeye
40%
23 DF Italy Giorgio Cittadini
38%
25 MF Turkey Berkan Kutlu
35%
99 GK Austria Franz Stolz
29%
No matching quizzes found
Score Distribution
Percent of People with Each Score
Percentile by Number Answered
Your Score History
You have not taken this quiz since the last reset